000
00216 a2200097 4500
001
45631
100
_a
Heinlein, R
245
_a
Job a comedy of justice
260
_a
_b
New english library
_c
090
_c
28801
_d
28801
942
_a
NUST-CAE
_c
M
_c
20893
999
_c
280704
_d
280704